Drapeaux de territoires / iles #3 - Statistiques

Statistiques générales
  • Ce quiz a été pris 105 fois
  • Le résultat moyen est 5 sur 16
Statistiques - réponses
Par images Hint Réponse % Correct
Espagne Catalogne
73%
Royaume Uni Les Bermudes
68%
France Martiniique
63%
Nouvelle Zélande Tokelau
53%
France Occitanie
52%
Pays Bas Ile de Saba
45%
Belgique Wallonie
44%
Italie Région Calabraise
39%
Canada Nunavut
29%
Chine Turkestan oriental
21%
Grèce Communauté monastiques du mont Athos
17%
Inde Jammu et Cachemire
15%
Angleterre Ile de Sercq
9%
Panama Los Santos
0%
Russie Oblast de Kurgan
0%
Papouasie Nouvelle Guinée Sepik oriental
0%
Aucun quiz correspondant
Distribution des résultats
% des personnes avec chaque résultat
Percentile par nombre de réponses
Votre historique - résultats
Vous n’avez pas pris ce quiz